Modelovanie vybraného ekonomického problému s využitím jazyka R diplomová práca

Enregistré dans:
Détails bibliographiques
Auteur principal: Jurovčík, Juraj
Collectivité auteur: Fakulta hospodárskej informatiky EU. Katedra operačného výskumu a ekonometrie
Autres auteurs: Lukáčiková, Adriana, 1971-
Format: Livre
Langue:slovaque
Publié: Bratislava 2025
Tags: Ajouter un tag
Pas de tags, Soyez le premier à ajouter un tag!

MARC

LEADER 00000nbm a2200000 4500
001 0310647
005 20251201125709.1
041 0 |a slo 
044 |a SK 
245 1 0 |a Modelovanie vybraného ekonomického problému s využitím jazyka R  |b diplomová práca  |c Juraj Jurovčík ; školiteľ: Adriana Lukáčiková 
264 1 |a Bratislava  |c 2025 
300 |a 89 s. 
100 1 |a Jurovčík, Juraj 
700 1 |a Lukáčiková, Adriana, 1971- 
710 2 |a Fakulta hospodárskej informatiky EU. Katedra operačného výskumu a ekonometrie